[Event "GCT 2021 Croazia"]
[Site "Zagabria"]
[Date "11.07.2021"]
[Round "16B"]
[White "Nepomniachtchi, Ian"]
[Black "Grischuk, Alexander"]
[Result "1/2-1/2"]
[WhiteTitle ""]
[BlackTitle ""]
[WhiteElo "2792"]
[BlackElo "2778"]
[WhiteFideId "4168119"]
[BlackFideId "4126025"]
[EventDate "2021.07.10"]

1. c4 e5 2. g3 d6 3. Bg2 f5 4. Nc3 Nf6 5. e3 a5 6. d4 Be7 7. b3 O-O 8. Bb2 c6 9.
Nge2 Na6 10. O-O Qe8 11. e4 exd4 12. Qxd4 Nc5 13. Nf4 Qf7 14. e5 dxe5 15. Qxe5
Ng4 16. Qe2 Bf6 17. Rfe1 Bd7 18. Ncd5 Bxb2 19. Qxb2 Rae8 20. h3 Nf6 21. Qd4 Nce4
22. Nxf6+ Nxf6 23. Nd3 Bc8 24. Qb6 Qd7 25. Ne5 Qd8 26. Qxd8 Rxd8 27. Rad1 Rfe8
28. f4 Kf8 29. Kf2 Rxd1 30. Rxd1 Be6 31. Bf3 Ke7 32. Re1 Nd7 33. g4 g6 34. gxf5
gxf5 35. Bh5 Nxe5 36. Rxe5 Ra8 37. Be2 Kf6 38. a3 b6 39. Re3 Rd8 40. Rd3 Rxd3
41. Bxd3 c5 42. a4 Bd7 43. Ke3 Be6 44. Kf2 Bd7 45. Ke3 Be6 1/2-1/2

[Event "GCT 2021 Croazia"]
[Site "Zagabria"]
[Date "11.07.2021"]
[Round "16B"]
[White "Vachier-Lagrave, Maxime"]
[Black "Duda, Jan-Krzysztof"]
[Result "1-0"]
[WhiteTitle ""]
[BlackTitle ""]
[WhiteElo "2749"]
[BlackElo "2738"]
[WhiteFideId "623539"]
[BlackFideId "1170546"]
[EventDate "2021.07.10"]

1. e4 c6 2. Nf3 d5 3. Nc3 Nf6 4. e5 Ng8 5. d4 Bg4 6. Be2 e6 7. Ng5 Bf5 8. Bh5
Bg6 9. O-O Be7 10. Nh3 c5 11. Nf4 cxd4 12. Nb5 Nc6 13. Nxd4 Nxd4 14. Qxd4 Nh6
15. Nxg6 hxg6 16. Be2 Nf5 17. Qa4+ Kf8 18. Bd3 Bc5 19. g3 Rc8 20. Qf4 Qb6 21. c3
Be7 22. Re1 a6 23. a4 g5 24. Qf3 g6 25. a5 Qc5 26. Ra4 Kg7 27. Kg2 Rh7 28. h3
Rch8 29. Rh1 Qc6 30. Rg4 Rh5 31. Bd2 Qc7 32. c4 Rd8 33. cxd5 Rxd5 34. Bc3 b5 35.
axb6 Qxb6 36. Ra4 Rh8 37. Rxa6 Qd8 38. Be4 Rd7 39. Ra8 Qb6 40. Rxh8 Kxh8 41. Rd1
Rc7 42. Ra1 Qb5 43. Rd1 Kg7 44. Bxf5 gxf5 45. g4 fxg4 46. hxg4 Rc4 47. Rh1 Qd5
48. Qxd5 exd5 49. Rd1 Rxg4+ 50. Kh3 Rf4 51. Kg3 Bc5 52. f3 d4 53. Bd2 Rf5 54.
Re1 Kg6 55. Kg4 d3 56. Re4 Bf2 57. b4 Bb6 58. e6 fxe6 59. Rxe6+ Rf6 60. Re5 Rd6
61. Rxg5+ Kf7 62. f4 Bd4 63. Kf3 Bf6 64. Rc5 Ke6 65. f5+ Kd7 66. b5 Bd4 67. Rc4
Bb6 68. Ke4 Ke8 69. Rc6 Kd7 70. Rxd6+ Kxd6 71. Bb4+ Kd7 72. Kxd3 Bd8 73. Ke4 Kc8
74. Kd5 Kb7 75. Bc5 1-0

[Event "GCT 2021 Croazia"]
[Site "Zagabria"]
[Date "11.07.2021"]
[Round "16B"]
[White "Giri, Anish"]
[Black "Kasparov, Garry"]
[Result "1/2-1/2"]
[WhiteTitle ""]
[BlackTitle ""]
[WhiteElo "2776"]
[BlackElo "2812"]
[WhiteFideId "24116068"]
[BlackFideId "4100018"]
[EventDate "2021.07.10"]

1. Nf3 c5 2. c4 Nf6 3. Nc3 e6 4. e3 Nc6 5. d4 d5 6. a3 cxd4 7. exd4 Be7 8. c5
Ne4 9. Qc2 Nxc3 10. Qxc3 a5 11. Bb5 Bd7 12. O-O O-O 13. Bf4 a4 14. Qc2 Bf6 15.
Rad1 Re8 16. Rfe1 Qc8 17. Bg5 Ne7 18. Bd3 Ng6 19. Qd2 Qd8 20. Bxg6 hxg6 21. h4
Be7 22. Bxe7 Rxe7 23. Ne5 Be8 24. Qf4 b6 25. Rc1 bxc5 26. Rxc5 Rb7 27. Re2 f6
28. Nd3 Bf7 29. Nb4 Qb8 30. Qe3 Qd6 31. Qc3 Re8 32. Rc6 Qd7 33. Qc5 e5 34. Rd6
Qg4 35. f3 Qxh4 36. Nxd5 Rxb2 37. Rxb2 Qe1+ 38. Kh2 Qh4+ 39. Kg1 1/2-1/2

[Event "GCT 2021 Croazia"]
[Site "Zagabria"]
[Date "11.07.2021"]
[Round "16B"]
[White "Mamedyarov, Shakhriyar"]
[Black "Korobov, Anton"]
[Result "0-1"]
[WhiteTitle ""]
[BlackTitle ""]
[WhiteElo "2782"]
[BlackElo "2683"]
[WhiteFideId "13401319"]
[BlackFideId "14105730"]
[EventDate "2021.07.10"]

1. d4 d5 2. c4 c6 3. Nc3 Nf6 4. e3 e6 5. Nf3 Nbd7 6. Qc2 Bd6 7. b3 O-O 8. Be2 b6
9. O-O Bb7 10. Bb2 Re8 11. Rad1 Qe7 12. Rfe1 c5 13. cxd5 exd5 14. Nb5 Bb8 15.
Bd3 a6 16. Nc3 Bd6 17. dxc5 bxc5 18. Ne2 Rac8 19. Ng3 g6 20. Qb1 c4 21. Bc2 c3
22. Ba1 Ne5 23. Nd4 Nfg4 24. h3 Nxf2 25. Kxf2 Qh4 26. Ne2 Qg5 27. Rd4 Nc4 28.
Qc1 Nxe3 29. h4 Qf6+ 30. Kg1 Nxc2 31. Rf1 Qxd4+ 32. Nxd4 Nxd4 33. Qd1 Bxg3 34.
Qxd4 Be5 35. Qf2 Re7 36. h5 d4 37. Qh4 Rce8 38. Re1 Bf6 39. Qxf6 Rxe1+ 40. Kh2
R1e2 41. h6 Rxg2+ 42. Kh3 Re3+ 43. Kh4 Re4+ 44. Kh3 Re3+ 45. Kh4 Rh2+ 46. Kg4
Bc8+ 0-1

[Event "GCT 2021 Croazia"]
[Site "Zagabria"]
[Date "11.07.2021"]
[Round "17B"]
[White "Mamedyarov, Shakhriyar"]
[Black "Anand, Viswanathan"]
[Result "1/2-1/2"]
[WhiteTitle ""]
[BlackTitle ""]
[WhiteElo "2782"]
[BlackElo "2753"]
[WhiteFideId "13401319"]
[BlackFideId "5000017"]
[EventDate "2021.07.10"]

1. d4 d5 2. c4 e6 3. Nf3 Nf6 4. Nc3 a6 5. c5 b6 6. cxb6 cxb6 7. Bf4 Bd6 8. e3
O-O 9. Bd3 Bb7 10. Rc1 Bxf4 11. exf4 Nc6 12. O-O Rc8 13. Re1 b5 14. Bb1 Na5 15.
Ne5 Nc4 16. b3 Nd6 17. Qd3 g6 18. f3 Qb6 19. g4 Rc7 20. Ne2 Rfc8 21. Rxc7 Rxc7
22. h4 b4 23. h5 Nfe8 24. hxg6 hxg6 25. Kg2 a5 26. Nxg6 Ba6 27. Qe3 Bxe2 28.
Rxe2 Nb5 29. f5 Qxd4 30. Qg5 Qf6 31. Qf4 Nc3 32. Re5 Nxb1 33. g5 Qg7 34. Nh4 f6
35. Rxe6 Qxg5+ 36. Qxg5+ fxg5 37. Rxe8+ Kf7 38. Re1 gxh4 39. Rxb1 Rc3 40. Rd1
Rc2+ 41. Kh3 Rxa2 42. Rxd5 Kf6 43. Kxh4 a4 44. bxa4 Rxa4 45. Rb5 b3+ 46. Kg3 b2
47. Rxb2 Kxf5 48. Rb5+ Kf6 49. Rb6+ Kf5 50. Rb5+ Kf6 51. Rb6+ Kf5 52. Rb5+ Kf6 1/2-1/2

[Event "GCT 2021 Croazia"]
[Site "Zagabria"]
[Date "11.07.2021"]
[Round "17B"]
[White "Korobov, Anton"]
[Black "Giri, Anish"]
[Result "0-1"]
[WhiteTitle ""]
[BlackTitle ""]
[WhiteElo "2683"]
[BlackElo "2776"]
[WhiteFideId "14105730"]
[BlackFideId "24116068"]
[EventDate "2021.07.10"]

1. e4 e5 2. Nf3 Nf6 3. Nxe5 d6 4. Nf3 Nxe4 5. d3 Nf6 6. d4 g6 7. Bd3 Bg7 8. O-O
O-O 9. c3 Re8 10. Bg5 h6 11. Bh4 b6 12. Nbd2 Bb7 13. a4 a6 14. a5 b5 15. c4 b4
16. Re1 Nbd7 17. Qa4 c5 18. d5 Qc7 19. Rxe8+ Rxe8 20. Re1 Rxe1+ 21. Nxe1 Nh5 22.
b3 Bc3 23. Nef3 g5 24. Bf5 Ndf6 25. g4 Ng7 26. Nxg5 hxg5 27. Bxg5 Nxf5 28. gxf5
Qe7 29. Nf1 Qd7 30. Qxd7 Nxd7 31. Be7 Bxd5 32. cxd5 c4 0-1

[Event "GCT 2021 Croazia"]
[Site "Zagabria"]
[Date "11.07.2021"]
[Round "17B"]
[White "Kasparov, Garry"]
[Black "Vachier-Lagrave, Maxime"]
[Result "0-1"]
[WhiteTitle ""]
[BlackTitle ""]
[WhiteElo "2812"]
[BlackElo "2749"]
[WhiteFideId "4100018"]
[BlackFideId "623539"]
[EventDate "2021.07.10"]

1. Nf3 c5 2. c4 Nf6 3. g3 b6 4. Bg2 Bb7 5. Nc3 g6 6. O-O Bg7 7. d4 cxd4 8. Nxd4
Bxg2 9. Kxg2 Qc8 10. b3 Qb7+ 11. f3 d5 12. cxd5 Nxd5 13. Nxd5 Qxd5 14. Be3 Nc6
15. Nxc6 Qxc6 16. Rc1 Qe6 17. Qd3 O-O 18. Rfd1 h5 19. Bf2 Bf6 20. Qc4 Qxc4 21.
Rxc4 Rfd8 22. Rxd8+ Rxd8 23. Rc7 a5 24. Be3 Rd6 25. Rb7 Bd4 26. Bxd4 Rxd4 27.
Kf2 a4 28. Rxb6 Rd2 29. bxa4 Rxa2 30. Rb4 Ra3 31. h4 Kg7 32. Ke1 Ra2 33. Kf2 Ra3
34. Re4 Kf6 35. Rf4+ Ke6 36. g4 hxg4 37. fxg4 f6 38. h5 gxh5 39. gxh5 Rh3 40. a5
Ra3 41. h6 Rxa5 42. Rh4 Ra8 43. Ke3 Ke5 0-1

[Event "GCT 2021 Croazia"]
[Site "Zagabria"]
[Date "11.07.2021"]
[Round "17B"]
[White "Duda, Jan-Krzysztof"]
[Black "Nepomniachtchi, Ian"]
[Result "1-0"]
[WhiteTitle ""]
[BlackTitle ""]
[WhiteElo "2738"]
[BlackElo "2792"]
[WhiteFideId "1170546"]
[BlackFideId "4168119"]
[EventDate "2021.07.10"]

1. d4 Nf6 2. c4 e6 3. Nf3 d5 4. Nc3 Bb4 5. cxd5 exd5 6. Qa4+ Nc6 7. Bg5 h6 8.
Bxf6 Qxf6 9. e3 O-O 10. Rc1 Rd8 11. Bd3 Bg4 12. Qd1 Ne7 13. h3 Bh5 14. a3 Bd6
15. g4 Bg6 16. Ke2 c6 17. h4 Qe6 18. Rg1 Re8 19. h5 Bxd3+ 20. Qxd3 f6 21. Nh4
Rad8 22. Na4 b6 23. Nf5 c5 24. dxc5 bxc5 25. Nxd6 Qxd6 26. Nxc5 Qb6 27. Qb3 Qd6
28. Qa4 Rb8 29. Nd3 Kh8 30. Qxa7 Qe6 31. Qa4 Red8 32. f3 d4 33. e4 Qd6 34. Rg2
Rdc8 35. Kd1 Rxc1+ 36. Kxc1 Nc6 37. f4 Qe6 38. Kb1 Qxe4 39. Qc2 Na5 40. Qe2 Qa8
41. g5 Nc4 42. gxf6 gxf6 43. Qg4 Qb7 44. Qg6 Nxa3+ 45. Ka1 Nc2+ 46. Rxc2 Qh1+
47. Rc1 1-0

[Event "GCT 2021 Croazia"]
[Site "Zagabria"]
[Date "11.07.2021"]
[Round "17B"]
[White "Grischuk, Alexander"]
[Black "Van Foreest, Jorden"]
[Result "1-0"]
[WhiteTitle ""]
[BlackTitle ""]
[WhiteElo "2778"]
[BlackElo "2688"]
[WhiteFideId "4126025"]
[BlackFideId "1039784"]
[EventDate "2021.07.10"]

1. d4 Nf6 2. c4 g6 3. Nc3 Bg7 4. e4 d6 5. h3 e5 6. d5 Nbd7 7. Bg5 h6 8. Be3 h5
9. Nf3 Bh6 10. Ng5 h4 11. Be2 Kf8 12. Qd2 Kg7 13. O-O-O a6 14. g3 hxg3 15. fxg3
Nc5 16. Rdf1 b5 17. Rxf6 Qxf6 18. Rf1 Qe7 19. Rxf7+ Qxf7 20. Nxf7 Bxe3 21. Qxe3
Kxf7 22. b4 Nd7 23. cxb5 Rxh3 24. bxa6 Bxa6 25. Bxa6 Rxa6 26. Qf2+ Nf6 27. Qf1
Rxg3 28. Qxa6 Rxc3+ 29. Kb2 Nxe4 30. a4 Rf3 31. Qc4 Rf2+ 32. Kc1 Rf4 33. Qxc7+
Kf6 34. a5 Rf1+ 35. Kc2 Rf2+ 36. Kd3 Kf5 37. Qf7+ Kg5 38. Qe7+ Kf5 39. a6 Ra2
40. a7 Nf6 41. b5 e4+ 42. Kc4 e3 43. Qxe3 Ne4 44. b6 Nc5 45. Qxc5 1-0

[Event "GCT 2021 Croazia"]
[Site "Zagabria"]
[Date "11.07.2021"]
[Round "18B"]
[White "Anand, Viswanathan"]
[Black "Grischuk, Alexander"]
[Result "1/2-1/2"]
[WhiteTitle ""]
[BlackTitle ""]
[WhiteElo "2753"]
[BlackElo "2778"]
[WhiteFideId "5000017"]
[BlackFideId "4126025"]
[EventDate "2021.07.10"]

1. e4 e5 2. Nf3 Nc6 3. Bb5 Nf6 4. O-O Nxe4 5. Re1 Nd6 6. Nxe5 Be7 7. Bf1 Nxe5 8.
Rxe5 O-O 9. d4 Bf6 10. Re1 Re8 11. c3 Rxe1 12. Qxe1 Ne8 13. Bf4 d5 14. Nd2 g6
15. Bd3 Ng7 16. Nf3 c6 17. Qe2 Bf5 18. Bxf5 Nxf5 19. Re1 Ng7 20. Be5 Ne6 21.
Bxf6 Qxf6 22. Ne5 Re8 23. Ng4 Qd8 24. Qe5 Ng7 25. Qxe8+ Nxe8 26. Rxe8+ Qxe8 27.
Nf6+ Kf8 28. Nxe8 Kxe8 29. f4 f5 30. b4 b5 31. Kf2 Kf7 32. Kf3 Kf6 33. Kf2 Kf7
34. Kf3 Kf6 35. Kf2 Kf7 1/2-1/2

[Event "GCT 2021 Croazia"]
[Site "Zagabria"]
[Date "11.07.2021"]
[Round "18B"]
[White "Van Foreest, Jorden"]
[Black "Duda, Jan-Krzysztof"]
[Result "0-1"]
[WhiteTitle ""]
[BlackTitle ""]
[WhiteElo "2688"]
[BlackElo "2738"]
[WhiteFideId "1039784"]
[BlackFideId "1170546"]
[EventDate "2021.07.10"]

1. e4 c5 2. Nf3 d6 3. d4 cxd4 4. Nxd4 Nf6 5. Nc3 a6 6. Bg5 Nbd7 7. Bc4 e6 8. Qd2
h6 9. Bxf6 Nxf6 10. O-O-O b5 11. Bb3 b4 12. Nd5 exd5 13. exd5 Qb6 14. Rhe1+ Kd7
15. Kb1 a5 16. Ba4+ Kc7 17. c4 Bd7 18. Bc6 Bxc6 19. dxc6 Qc5 20. Qf4 Kb6 21. Nb5
Qxc6 22. Nxd6 Nd7 23. Nxf7 Rg8 24. Qf5 Nc5 25. Qh7 a4 26. Ne5 Qf6 27. Qxg8 Qf5+
28. Kc1 b3 29. Rd3 Qxf2 30. Nd7+ Ka5 0-1